Estudio de los títulos de dominio, 3a. parte, jurisprudencia, 1959-2002
Na minha lista:
| Autor principal: | |
|---|---|
| Formato: | Livro |
| Idioma: | espanhol |
| Publicado em: |
Santiago
Fallos del Mes
2003
|
| Assuntos: | |
| Tags: |
Adicionar Tag
Sem tags, seja o primeiro a adicionar uma tag!
|
MARC
| LEADER | 00000nam a2200000 a 4500 | ||
|---|---|---|---|
| 001 | UCK2387 | ||
| 003 | CL-VaPUC | ||
| 008 | 050106e20030000CL |||||||||||||||||spa|d | ||
| 020 | |a 9567611092 | ||
| 082 | 0 | 4 | |a 346.043 |b VID |2 21 |
| 100 | 0 | |a Vidal Domínguez, Ignacio |e author |9 490245 | |
| 245 | 1 | 0 | |a Estudio de los títulos de dominio, 3a. parte, jurisprudencia, 1959-2002 |
| 300 | |a t | ||
| 942 | |c BK | ||
| 945 | |d 20050106 00:00:00 |a cmena | ||
| 260 | |a Santiago |b Fallos del Mes |c 2003 | ||
| 650 | 0 | |a Documentos públicos |9 325956 | |
| 650 | 0 | |a Derecho civil |9 255013 | |
| 650 | 0 | |a Propiedad |9 255268 | |
| 650 | 0 | |a Derecho de propiedad |9 256450 | |
| 651 | 7 | |a CHILE |2 CL-VaPUC |9 490246 | |
| 583 | |a last modification |c 20050106 00:00:00 |k Rodrigo Vera | ||
| 999 | |c 311944 |d 311942 | ||
| 952 | |0 0 |1 0 |4 0 |6 346_043000000000000_VID_2003 |7 0 |8 A |9 381682 |a BIBDER |b BIBDER |d 2019-11-21 |h t.1 |i 4091523 |l 1 |o 346.043 VID 2003 |p 4091523 |r 2025-04-11 |s 2025-04-11 |w 2019-11-21 |y BK |k DER | ||
| 952 | |0 0 |1 0 |4 0 |6 346_043000000000000_VID_2003 |7 0 |8 A |9 381683 |a BIBDER |b BIBDER |d 2019-11-21 |h t.2 |i 4091531 |o 346.043 VID 2003 |p 4091531 |r 2023-01-25 |w 2019-11-21 |y BK |k DER | ||